Corals of tropical oceans / (Record no. 2312)

000 -LEADER
fixed length control field 00395nam a22001457a 4500
008 - FIXED-LENGTH DATA ELEMENTS--GENERAL INFORMATION
fixed length control field 200221b ||||| |||| 00| 0 eng d
020 ## - INTERNATIONAL STANDARD BOOK NUMBER
International Standard Book Number 9788170355267
082 00 - DEWEY DECIMAL CLASSIFICATION NUMBER
Classification number 591.77890913
Item number B6238
100 ## - MAIN ENTRY--PERSONAL NAME
9 (RLIN) 1892
Personal name Biswas, K.P.
245 10 - TITLE STATEMENT
Title Corals of tropical oceans /
260 ## - PUBLICATION, DISTRIBUTION, ETC. (IMPRINT)
Place of publication, distribution, etc Delhi,
Name of publisher, distributor, etc Daya Publication:
Date of publication, distribution, etc 2008.
300 ## - PHYSICAL DESCRIPTION
Extent xi, 228 p.
650 #0 - SUBJECT ADDED ENTRY--TOPICAL TERM
Topical term or geographic name as entry element Aquatic Ecology
942 ## - ADDED ENTRY ELEMENTS (KOHA)
Item type Books
Holdings
Withdrawn status Lost status Source of classification or shelving scheme Damaged status Not for loan Permanent location Current location Date acquired Source of acquisition Full call number Barcode Date last seen Cost, replacement price Koha item type
          IMU Kolkata IMU Kolkata 2009-03-30 R.B. Enterprises 591.77890913 B6238 10751 2020-02-21 600.00 Books
Designed and Maintained by IMU-KC Library, Kolkata Campus © Copyright All Rights Reserved

webs counters

Powered by Koha